[Event "Bastia CC Spring op 35th"]
[Site "Bastia"]
[Date "2009.03.27"]
[Round "?"]
[White "Cesari, Cathy"]
[Black "Casta, Jean Paul"]
[Result "1-0"]
[WhiteElo "1434"]
[BlackElo "1691"]
[PlyCount "99"]
[EventDate "2009.03.21"]
[EventType "swiss"]
[EventRounds "5"]
[EventCountry "FRA"]
[SourceTitle "EXT 2010"]
[Source "ChessBase"]
[SourceDate "2010.11.25"]
[SourceVersion "1"]
[SourceVersionDate "2010.11.25"]
[SourceQuality "1"]

1. d4 d5 2. e3 Nc6 3. c4 Nf6 4. Nf3 Bg4 5. Nc3 e6 6. a3 Ne4 7. Be2 Nxc3 8. bxc3 Qf6 9. c5 0-0-0 10. Bd2 h5 11. a4 g5 12. Bc1 Qg7 13. Nd2 Bxe2 14. Qxe2 f5 15. 0-0 h4 16. f4 g4 17. Rd1 g3 18. h3 Be7 19. Rb1 Bf6 20. Nf3 Rde8 21. Qb5 Kd7 22. Bd2 Rb8 23. Ne5+ Bxe5 24. dxe5 a6 25. Qd3 Na5 26. Rb4 Kc8 27. Rdb1 c6 28. Ra1 Nc4 29. Qd4 Qf7 30. Qd3 Kc7 31. Be1 b6 32. cxb6+ Rxb6 33. a5 Rxb4 34. cxb4 Qe7 35. Rb1 Rb8 36. Bc3 c5 37. Qe2 cxb4 38. Bd4 b3 39. Bb2 Qc5 40. Bd4 Qxa5 41. Qh5 Na3 42. Rc1+ Nc2 43. Qf7+ Kd8 44. Qf8+ Kc7 45. Qd6+ Kb7 46. Qd7+ Qc7 47. Qxe6 Qd8 48. Rb1 Nxd4 49. exd4 Ka8 50. Qxa6# 1-0

[Event "Bastia CC Winter op 34th"]
[Site "Bastia"]
[Date "2009.01.21"]
[Round "4"]
[White "Casta, Jean Paul"]
[Black "Roux, Yvan"]
[Result "1/2-1/2"]
[WhiteElo "1691"]
[BlackElo "1585"]
[PlyCount "128"]
[EventDate "2009.01.18"]
[EventType "swiss"]
[EventRounds "7"]
[EventCountry "FRA"]
[SourceTitle "EXT 2010"]
[Source "ChessBase"]
[SourceDate "2010.11.25"]
[SourceVersion "1"]
[SourceVersionDate "2010.11.25"]
[SourceQuality "1"]

1. e4 g6 2. d4 Bg7 3. Nf3 b6 4. Bg5 Bf6 5. e5 Bxg5 6. Nxg5 e6 7. Qf3 Qxg5 8. Nd2 Nc6 9. c3 f6 10. Bb5 Bb7 11. Ne4 Qf5 12. Qxf5 gxf5 13. Nxf6+ Nxf6 14. exf6 0-0-0 15. 0-0 Rhf8 16. a4 Rxf6 17. b4 Ne7 18. a5 Nd5 19. axb6 Nxb6 20. c4 c6 21. Ba6 Bxa6 22. Rxa6 Kb7 23. Rfa1 Ra8 24. c5 Nd5 25. R6a4 Nc7 26. f3 Nb5 27. Rc1 Rg6 28. Rc4 Rag8 29. Ra2 f4 30. Rd2 Rg5 31. d5 Rxd5 32. Rxd5 exd5 33. Rxf4 Rg7 34. Kf2 d6 35. g4 dxc5 36. bxc5 Kc7 37. Ke3 Kd7 38. h4 h6 39. Kd3 Ke6 40. Ra4 Rd7 41. f4 d4 42. Ra1 Kd5 43. Rc1 Re7 44. Rg1 Kxc5 45. g5 h5 46. g6 Rg7 47. f5 Rg8 48. f6 Nd6 49. Rg5+ Kb6 50. g7 a5 51. Rxh5 Nf7 52. Rf5 a4 53. Kxd4 a3 54. Kc3 Kc7 55. Kb3 Ra8 56. Ka2 Kd6 57. Rf1 Ke6 58. Rf3 c5 59. Rxa3 Rxa3+ 60. Kxa3 Nh6 61. Kb3 Kxf6 62. Kc4 Kxg7 63. Kxc5 Nf5 64. Kd5 Nxh4 1/2-1/2

[Event "Corsica CC op 32th"]
[Site "Bastia"]
[Date "2008.11.30"]
[Round "?"]
[White "Ferreira, Antonio Viriato"]
[Black "Casta, Jean Paul"]
[Result "1-0"]
[WhiteElo "1850"]
[BlackElo "1721"]
[PlyCount "77"]
[EventDate "2008.11.08"]
[EventType "swiss"]
[EventRounds "5"]
[EventCountry "FRA"]
[SourceTitle "CBM 127 Extra"]
[Source "ChessBase"]
[SourceDate "2009.01.08"]
[SourceVersion "2"]
[SourceVersionDate "2009.01.28"]
[SourceQuality "1"]

1. e4 e5 2. Nf3 Nc6 3. Bb5 Nf6 4. Qe2 a6 5. Ba4 b5 6. Bb3 d6 7. a4 Bg4 8. axb5 Nd4 9. Qe3 Nxb3 10. Qxb3 axb5 11. Ng5 Bh5 12. Qxb5+ Nd7 13. Rxa8 Qxa8 14. Nc3 Be7 15. Nf3 c6 16. Qe2 0-0 17. 0-0 Nc5 18. b3 Ne6 19. Qe3 Nf4 20. d3 Bg5 21. Nxg5 Qa1 22. Na4 Qd4 23. Qxd4 Ne2+ 24. Kh1 Nxd4 25. Ba3 Rd8 26. Rc1 f6 27. Nh3 c5 28. Bb2 Rf8 29. Bxd4 exd4 30. Nf4 Bg4 31. Nb6 f5 32. Nbd5 fxe4 33. dxe4 Re8 34. f3 Bd7 35. Ra1 Bb5 36. Ra7 c4 37. Nh5 Rb8 38. Rxg7+ Kh8 39. Ndf6 1-0

[Event "Corsica CC op 32th"]
[Site "Bastia"]
[Date "2008.11.15"]
[Round "?"]
[White "Casta, Jean Paul"]
[Black "Morganti, Noel"]
[Result "0-1"]
[WhiteElo "1721"]
[BlackElo "1653"]
[PlyCount "126"]
[EventDate "2008.11.08"]
[EventType "swiss"]
[EventRounds "5"]
[EventCountry "FRA"]
[SourceTitle "CBM 127 Extra"]
[Source "ChessBase"]
[SourceDate "2009.01.08"]
[SourceVersion "2"]
[SourceVersionDate "2009.01.28"]
[SourceQuality "1"]

1. e4 d6 2. Nc3 Nf6 3. d4 g6 4. Nf3 Bg7 5. e5 Ng4 6. Nd2 dxe5 7. Be2 Qxd4 8. Nce4 Nf6 9. Nxf6+ exf6 10. c3 Qd8 11. 0-0 0-0 12. Ne4 Qe7 13. b4 Be6 14. a4 Nd7 15. b5 Nb6 16. Ba3 Qd8 17. Bxf8 Qxf8 18. Qc1 h6 19. c4 f5 20. Nd2 e4 21. Rb1 Rd8 22. a5 Na4 23. Nb3 Nc3 24. Qc2 Nxb1 25. Rxb1 b6 26. c5 Qe7 27. c6 Rd6 28. axb6 axb6 29. Nd2 Qd8 30. Nc4 Rd5 31. Ne3 Rd4 32. Rd1 Rxd1+ 33. Nxd1 Be5 34. Ne3 Qd4 35. g3 Qb2 36. Qxb2 Bxb2 37. Kg2 Kf8 38. Bc4 Ke7 39. Bxe6 fxe6 40. Nc4 Bd4 41. Kf1 e5 42. Ke2 Ke6 43. h3 Kd5 44. Na3 Kc5 45. f3 exf3+ 46. Kxf3 Kb4 47. Nc2+ Kxb5 48. Nxd4+ exd4 49. Kf4 Kxc6 50. Ke5 d3 51. Kf6 d2 52. Kxg6 d1Q 53. Kxf5 Qh5+ 54. Kf4 Qxh3 55. g4 Kd6 56. Kf5 h5 57. Kf4 Qxg4+ 58. Ke3 Ke5 59. Kf2 Qh3 60. Kg1 Kf4 61. Kf2 Qh2+ 62. Ke1 Ke3 63. Kf1 Qf2# 0-1

[Event "Bastia CC 20 years"]
[Site "Bastia"]
[Date "2008.11.02"]
[Round "?"]
[White "Casta, Jean Paul"]
[Black "Escafre, Stephane"]
[Result "1-0"]
[WhiteElo "1718"]
[BlackElo "1842"]
[PlyCount "91"]
[EventDate "2008.11.01"]
[EventType "swiss"]
[EventRounds "9"]
[EventCountry "FRA"]
[SourceTitle "CBM 127 Extra"]
[Source "ChessBase"]
[SourceDate "2009.01.08"]
[SourceVersion "2"]
[SourceVersionDate "2009.01.28"]
[SourceQuality "1"]

1. e4 e6 2. Nc3 d5 3. exd5 exd5 4. d4 c6 5. Nf3 Bd6 6. Bg5 Qc7 7. Qe2+ Be6 8. g3 Nd7 9. Bh3 Kf8 10. Bxe6 fxe6 11. 0-0 h6 12. Bd2 Re8 13. Nh4 g5 14. Ng6+ Kg7 15. Nxh8 Kxh8 16. Qh5 Ndf6 17. Qg6 Re7 18. Qd3 Nh5 19. Rae1 Ngf6 20. Qg6 Rg7 21. Qxh6+ Kg8 22. Bxg5 Bxg3 23. fxg3 Nxg3 24. Rxf6 Nf5 25. Rxf5 exf5 26. Qe6+ Kh7 27. Qxf5+ Rg6 28. Re5 Qg7 29. h4 a6 30. Kh2 Kg8 31. Ne2 c5 32. c3 cxd4 33. cxd4 Rc6 34. h5 Qc7 35. Bf4 Qd8 36. Qg4+ Kh7 37. h6 Rg6 38. Bg5 Qc7 39. Nf4 Qc2+ 40. Ne2 Qc7 41. Kh3 Qc6 42. Nf4 Rd6 43. Re6 Qc1 44. Qf5+ Kh8 45. Ng6+ Kh7 46. Bxc1 1-0

[Event "Bastiais Master 6th"]
[Site "Bastia"]
[Date "2007.11.??"]
[Round "?"]
[White "Cesari, Cathy"]
[Black "Casta, Jean Paul"]
[Result "0-1"]
[WhiteElo "1350"]
[BlackElo "1530"]
[PlyCount "91"]
[EventDate "2007.11.??"]
[EventType "swiss"]
[EventRounds "9"]
[EventCountry "FRA"]
[SourceTitle "EXT 2009"]
[Source "ChessBase"]
[SourceDate "2008.11.26"]
[SourceVersion "1"]
[SourceVersionDate "2008.11.26"]
[SourceQuality "1"]

1. e4 e5 2. Nf3 Nc6 3. Bb5 Bc5 4. 0-0 Nf6 5. Nc3 d5 6. exd5 Nxd5 7. Bxc6+ bxc6 8. Nxe5 Nxc3 9. bxc3 Qd6 10. Re1 0-0 11. d4 Bb6 12. a4 Bb7 13. Ba3 Qd5 14. Bxf8 Rxf8 15. Rb1 c5 16. Nf3 cxd4 17. cxd4 c5 18. dxc5 Qxc5 19. Re3 Qc6 20. Rd3 Qxa4 21. Rxb6 axb6 22. Rd8 Bxf3 23. Rxf8+ Kxf8 24. Qd8+ Qe8 25. Qxe8+ Kxe8 26. gxf3 Kd7 27. Kf1 Kd6 28. Ke2 Kd5 29. Kd3 b5 30. f4 f6 31. f3 h6 32. Kc3 g5 33. Kb4 Kc6 34. f5 h5 35. c4 bxc4 36. Kxc4 Kd6 37. Kd4 Kc6 38. f4 g4 39. Ke3 Kd5 40. Kf2 Ke4 41. Kg3 Kxf5 42. Kh4 Kxf4 43. Kxh5 f5 44. Kh4 Kf3 45. Kg5 f4 46. Kh4 0-1

[Event "Bastiais Master 5th"]
[Site "Bastia"]
[Date "2007.03.??"]
[Round "?"]
[White "Vigna, Rene"]
[Black "Casta, Jean Paul"]
[Result "1/2-1/2"]
[WhiteElo "1490"]
[BlackElo "1390"]
[PlyCount "81"]
[EventDate "2007.03.??"]
[EventType "swiss"]
[EventRounds "9"]
[EventCountry "FRA"]
[SourceTitle "CBM 117 Extra"]
[Source "ChessBase"]
[SourceDate "2007.05.09"]
[SourceVersion "1"]
[SourceVersionDate "2007.05.09"]
[SourceQuality "1"]

1. e4 e5 2. Nf3 Nc6 3. Bc4 Bc5 4. Nc3 d6 5. d3 Bg4 6. Be3 Bxe3 7. fxe3 Qf6 8. 0-0 0-0-0 9. Nd5 Bxf3 10. Nxf6 Bxd1 11. Nxg8 Bh5 12. Bxf7 Bxf7 13. Rxf7 Rhxg8 14. Raf1 Nb4 15. a3 Nxc2 16. Rc1 Rd7 17. Rxd7 Kxd7 18. Rxc2 Rf8 19. b4 b5 20. h3 c6 21. Ra2 Ke6 22. Rc2 Kd7 23. Rf2 Rf6 24. g4 h6 25. Kg2 Ke6 26. Rf5 g6 27. Rf3 Rf7 28. h4 c5 29. Rxf7 Kxf7 30. Kf3 cxb4 31. axb4 Kf6 32. Kg3 g5 33. h5 Ke7 34. Kf3 Kd7 35. Ke2 Kc6 36. d4 Kb6 37. Kd3 a5 38. Kc3 a4 39. Kb2 Kc6 40. d5+ Kb6 41. Ka3 1/2-1/2